000 00359nam a2200145Ia 4500
008 150201s2007 xx 000 0 und d
082 _a617.51
_bE07M
100 _aMAQBOOL, MOHAMMAD
245 _aTB. OF EAR, NOSE AND THORAT DISEASES
250 _a11TH
260 _bJAYPEE BROTHERS
_aDELHI
_c2007
300 _a1-431
650 _aE.N.T.
942 _2ddc
_cBK
_018
999 _c123
_d123